Một cuộc đời = Une vie

Uloženo v:
Podrobná bibliografie
Hlavní autor: Guy de Maupassant
Médium: Kniha
Jazyk:Undetermined
Vydáno: Hà Nội Văn học 1994
Témata:
Tagy: Přidat tag
Žádné tagy, Buďte první, kdo otaguje tento záznam!
Thư viện lưu trữ: Trung tâm Học liệu Trường Đại học Cần Thơ
LEADER 00500nam a2200181Ia 4500
001 CTU_15425
008 210402s9999 xx 000 0 und d
082 |a 843.8 
082 |b M452m 
100 |a Guy de Maupassant 
245 0 |a Một cuộc đời 
245 0 |b = Une vie 
245 0 |c Guy de Maupassant, Mai Xuân 
260 |a Hà Nội 
260 |b Văn học 
260 |c 1994 
650 |a french fiction ( vietnamese ) 
980 |a Trung tâm Học liệu Trường Đại học Cần Thơ